000 00243nam a2200097Ia 4500
001 711701
005 20250826162813.0
008 250824s9999 xx 000 0 und d
245 0 _aSİNEKLİ BAKKAL
_cHALİDE EDİP ADIVAR
260 _bCAN YAYINLARI
999 _c711701
_d711701